000 00335nam a2200109Ia 4500
008 171204s9999 xx 000 0 und d
245 _aUnderstanding Occupational & Organizational Psychology:
245 _cLynne Millward
260 _c2015
650 _xINDUSTRIAL PSYCHOLOGY
856 _uhttp://down.ebook777.com/009/9780761941347.pdf
999 _c346446
_d346446